000 00385nam a22001577a 4500
005 20170401153442.0
008 170401b xxu||||| |||| 00| 0 eng d
041 _aeng
100 _aGHATAK, S
_93368
245 _aA STUDY OF MINE MANAGEMENT LEGISLATION AND GENERAL SAFETY
250 _a17th
260 _bCOAL FIELDS
_c2001
300 _a542
650 _aMINNING
_93780
942 _cBK
999 _c5389
_d5387